1862 1848 1383 1771 1386 1431 1318 1451 1413 1230 1720 1657 1077 1493 1761 1514 1630 1883 1293 1128 1010 1699 1261 1186 1531 1019 1705 1211 1752 1142 1716 1135 1016 1358 1672 1991 1045 1011 1839 1982 1615 1621 1678 1101 1536 1942 1900 1596 1095 1227 1439 1450 1907 1791 1661 1116 1773 1595 1569 1880 1940 1355 1899 1757 1905 1762 1201 1829 1675 1855 1391 1610 1708 1614 1901 1380 1314 1681 1687 1206 1421 1936 1179 1732 1382 1188 1557 1937 1003 1540 1043 1746 1657 1570 1864 1935 1744 1909 1634 BCNSPRNW ULIB Ver.6.0+V

เปลี่ยนเป็นภาษาไทย

Change to English
 แสดงรายละเอียดบรรณานุกรม
  กลับหน้าหลัก

Brief Record : Get Marc (ISO 2709) : E-mail record : QR code < ปิดหน้าต่าง
LEADER : 00000nam 2200000uu 4500
001    13399128118
003     ULIB
008    220527s2564||||th 000 0 tha d
020    ^a9789744229588
060    ^aWB115^bก123C
100    ^aกนกพจน์ จันทร์ภิวัฒน์, บรรณาธิการ, [และคนอื่นๆ]
245    ^aCurrent concepts in internal medicine/^cกนกพจน์ จันทร์ภิวัฒน์, บรรณาธิการ, [และคนอื่นๆ]
250    ^aพิมพ์ครั้งที่ 1
260    ^aกรุงเทพฯ :^bกลุ่มงานอายุรศาสตร์ โรงพยาบาลราชวิถี คณะแพทยศาสตร์ มหาวิทยาลัยรังสิต กรมการแพทย์ กระทรวงสาธารณสุข,^c2564
300    ^a354 หน้า;^b26 ซม.
650    ^aอายุรศาสตร์
945    ^p500^l0^i29361
945    ^p500^l0^i29362
945    ^p500^l0^i29363
945    ^p500^l0^i29364
945    ^p500^l0^i29365
999    ^aกัณชพร จุลอักษร
รายการนี้ยังไม่มีแท็ก
คุณยังไม่ได้ล็อกอิน คุณสามารถมีกิจกรรมร่วมกับเว็บไซต์ได้ แต่ต้องล็อกอินก่อน ::
  ล็อกอิน

รายการสื่อสารสนเทศ

ลำดับที่ ประเภท เลขเรียก/บาร์โค้ด สถานที่ สถานะ
1. หนังสือสำรอง
หนังสือสำรอง
WB115 ก123C ฉ.1 
  Barcode: 29361
ห้องสมุดวิทยาเขตนครสวรรค์
►หนังสือทั่วไป:l:General Books
บนชั้น
2. วิทยาศาสตร์การแพทย์ และสุขภาพ
วิทยาศาสตร์การแพทย์ และสุขภาพ
WB115 ก123C ฉ.2 
  Barcode: 29362
ห้องสมุดวิทยาเขตนครสวรรค์
►หนังสือทั่วไป:l:General Books
บนชั้น
3. วิทยาศาสตร์การแพทย์ และสุขภาพ
วิทยาศาสตร์การแพทย์ และสุขภาพ
WB115 ก123C ฉ.3 
  Barcode: 29363
ห้องสมุดวิทยาเขตนครสวรรค์
►หนังสือทั่วไป:l:General Books
บนชั้น
4. วิทยาศาสตร์การแพทย์ และสุขภาพ
วิทยาศาสตร์การแพทย์ และสุขภาพ
WB115 ก123C ฉ.4 
  Barcode: 29364
ห้องสมุดวิทยาเขตนครสวรรค์
►หนังสือทั่วไป:l:General Books
บนชั้น
5. วิทยาศาสตร์การแพทย์ และสุขภาพ
วิทยาศาสตร์การแพทย์ และสุขภาพ
WB115 ก123C ฉ.5 
  Barcode: 29365
ห้องสมุดวิทยาเขตนครสวรรค์
►หนังสือทั่วไป:l:General Books
บนชั้น

รายการใกล้เคียง
    ผู้แต่ง [กนกพจน์ จันทร์ภิวัฒน์, บรรณาธิการ, [และคนอื่นๆ]]

    หัวเรื่อง [อายุรศาสตร์]

BibComment


ยังไม่เคยถูกคอมเมนท์

คอมเมนท์ทรัพยากรรายการนี้
  คอมเมนท์: Current concepts..


 Copyright 2026. Bcnsprnw @Library